00410nam a2200157Ia 4500003000400000005001700004008004100021040001800062041000800080082002100088100001800109245003700127250001200164260005200176300002400228OSt20241206155723.0210716s1975 xx 000 0 und d cAIMIT LIBRARY aeng a808.83 21bDRUA aDrury, Allen. aPromise of joy /cBy Allen Drury a1st ed. aNew York :bDoubleday and Company, Inc ;c1975. a445p. ;bPBc21 cm.